Managing high technology and innovation / (Record no. 4559)

MARC details
000 -LEADER
fixed length control field 01218pam a2200169 a 4500
020 ## - INTERNATIONAL STANDARD BOOK NUMBER
ISBN 0023704624 (pbk.)
050 00 - CALL NUMBER
Classification number HD62.37
Item number .L48
100 1# - AUTHOR
Personal name Levy, Nino S.
245 10 - TITLE
Title Managing high technology and innovation /
Statement of responsibility, etc Nino S. Levy.
260 ## - PUBLICATION INFORMATION
Place of publication Upper Saddle River, N.J. :
Name of publisher Pearson Education Co.,
Year of publication c1998.
300 ## - DESCRIPTION
Number of Pages xiv, 274 p. :
Other physical details ill. ;
Dimensions 24 cm.
500 ## - NOTES
General note Includes index
505 ## - FORMATTED CONTENTS NOTE
Table of Content Chapter 1. Introduction --<br/>Chapter 2. Critical Factors for Success --<br/>Chapter 3. Creating a Favorable Environment for Inventors --<br/>Chapter 4. Minimizing the Research and Development (R & D) Cycle --<br/>Chapter 5. Organizing for Smooth Transition from Research and Development to Production --<br/>Chapter 6. Problems with Managing Multiproduct Organizations --<br/>Chapter 7. Marketing of High Technology, People, Strategies, and Timing --<br/>Chapter 8. Global High-Technology Market --<br/>Chapter 9. Growing in High-Technology by Acquisitions --<br/>Chapter 10. Organizing Strong Product Support --<br/>Chapter 11. How to Keep Ahead of Competition and Perpetuate Success --<br/>Chapter 12. Case Study: Compaq at the Crossroads.
650 #0 - SUBJECTS
Topical Term High technology industries
General subdivision Management.
650 #0 - SUBJECTS
Topical Term Technological innovations.
942 ## - ADDED ENTRY ELEMENTS (KOHA)
Koha item type Books

No items available.

Copyright © 2026  MUG Library